Zo selanky dráma, Prešov je predsa majster! extraliga hádzanárov - 5. (rozhodujúce) zápasy play-off o titul a o 3. miesto

Bibliographic Details
Format: Article
Language:Slovak
PhysicalDescription:Tab.
ISSN:0139-7001
Subjects:

MARC

LEADER 00000nab a2200000 ar4500
001 vtls008996397
003 SK-MaSNL
005 20260303065741.0
008 070608c20070531xo mr|p|||||||000 b|slo
015 |a SNKBUCL2007/06  |2 snkbucl 
038 |a SNKBUCL 
040 |a SNKBUCL  |b slo  |c SNKBUCL  |e AACR2 
041 0 |a slo 
044 |a xo  |c SK 
080 |a 796.322.093.1  |2 2001 
245 0 0 |a Zo selanky dráma, Prešov je predsa majster!  |b extraliga hádzanárov - 5. (rozhodujúce) zápasy play-off o titul a o 3. miesto 
300 |b Tab. 
648 7 |a sezóna 2006/2007  |2 snkbucl  |9 1032718 
650 0 7 |a hádzaná  |2 snkbucl  |9 3292 
650 0 7 |a muži  |2 snkbucl  |9 4888 
650 0 7 |a extraliga  |2 snkbucl  |9 18992 
650 0 7 |a play-off  |2 snkbucl  |9 859805 
650 0 7 |a 5. zápasy  |2 snkbucl  |9 1066228 
773 0 |t Šport  |g Roč. 61, č. 124 (31.5.2007), s. 28  |x 0139-7001 
852 |a SNK  |b KIS3GCP 
999 |c 1752517  |d 1754447